Convenios sobre inmunidades, excenciones y privilegios reconocidos por los Estados miembros a la corporación y a sus funcionarios

Salvato in:
Dettagli Bibliografici
Ente Autore: Corporación Andina de Fomento
Natura: testo
Pubblicazione: Caracas: CAF
Tags: Aggiungi Tag
Nessun Tag, puoi essere il primo ad aggiungerne!!

MARC

LEADER 00000 a a2200000 04500
001 24549
003
040
090 |a 176300  
110 |a Corporación Andina de Fomento  
245 |a Convenios sobre inmunidades, excenciones y privilegios reconocidos por los Estados miembros a la corporación y a sus funcionarios  
260 |a Caracas:   |b CAF  
300 |a 47 p.  
999 |c 11730  |d 11730